书目信息 |
| 题名: |
旅游开发与规划
|
|
| 作者: | 王娟 , 闻飞 主编 | |
| 分册: | ||
| 出版信息: | 合肥 合肥工业大学出版社 2017.01 |
|
| 页数: | 367页 | |
| 开本: | 23cm | |
| 丛书名: | ||
| 单 册: | ||
| 中图分类: | F592.3 | |
| 科图分类: | ||
| 主题词: | 旅游资源开发--lu^ you zi yuan kai fa--研究--中国 , 旅游规划--lu^ you gui hua--研究--中国 | |
| 电子资源: | ||
| ISBN: | 978-7-5650-3247-9 | |
| 000 | 01094nam0 2200277 450 | |
| 001 | 202019134970 | |
| 005 | 20191007123107.0 | |
| 010 | @a978-7-5650-3247-9@dCNY45.00 | |
| 100 | @a20191002d2017 em y0chiy50 ea | |
| 101 | 0 | @achi |
| 102 | @aCN@b340000 | |
| 105 | @aak a 000yy | |
| 106 | @ar | |
| 200 | 1 | @a旅游开发与规划@Alu^ you kai fa yu gui hua@f王娟, 闻飞主编 |
| 210 | @a合肥@c合肥工业大学出版社@d2017.01 | |
| 215 | @a367页@c图@d23cm | |
| 300 | @a当代旅游学规划教程 | |
| 320 | @a有书目 | |
| 330 | @a本书以培养旅游专业应用型人才为目的, 面对旅游规划理论研究中的新变化, 在吸收和借鉴国内外旅游规划教材成果的基础上, 紧密联系中国旅游业发展实际, 介绍了旅游资源分类、调查与评价, 旅游市场分析与预测, 旅游区规划与旅游环境容量, 旅游规划主题形象定位及旅游项目创意设计, 旅游规划产品设计与保障体系等内容。 | |
| 606 | 0 | @a旅游资源开发@Alu^ you zi yuan kai fa@x研究@y中国 |
| 606 | 0 | @a旅游规划@Alu^ you gui hua@x研究@y中国 |
| 690 | @aF592.3@v5 | |
| 701 | 0 | @a王娟@Awang juan@4主编 |
| 701 | 0 | @a闻飞@Awen fei@4主编 |
| 801 | 0 | @aCN@c20190905 |
| 905 | @a河南城建学院图书馆@dF592.3@eW235-2 | |
| 旅游开发与规划/王娟, 闻飞主编.-合肥:合肥工业大学出版社,2017.01 |
| 367页:图;23cm |
| 当代旅游学规划教程 |
| ISBN 978-7-5650-3247-9:CNY45.00 |
| 本书以培养旅游专业应用型人才为目的, 面对旅游规划理论研究中的新变化, 在吸收和借鉴国内外旅游规划教材成果的基础上, 紧密联系中国旅游业发展实际, 介绍了旅游资源分类、调查与评价, 旅游市场分析与预测, 旅游区规划与旅游环境容量, 旅游规划主题形象定位及旅游项目创意设计, 旅游规划产品设计与保障体系等内容。 |
| ● |
| 相关链接 |
|
|
|
正题名:旅游开发与规划
索取号:F592.3/W235-2
 
预约/预借
| 序号 | 登录号 | 条形码 | 馆藏地/架位号 | 状态 | 备注 |
| 1 | 1443235 | 214432354 | 社科库409/409社科库 39排7列1层/ [索取号:F592.3/W235-2] | 在馆 | |
| 2 | 1443236 | 214432363 | 社科库409/409社科库 39排7列1层/ [索取号:F592.3/W235-2] | 在馆 |